004250000a22001090004500090001700000245010900017041001400126100004000140942001300180773010500193999001700298 aASbSeriadas10aCrítica a la asignación de la categoría de amenaza de Gastrotheca ruizi (Amhpibia: Anura: Hylidae)0 aEspañol1 aMueses Cisneros, Jonh Jairo9100361 cARTICULO1 tRevista de la Academia Colombiana de Ciencias Exactas, Físicas y Naturalesh111q303-308d2005g29 c16197d16197